| 000 | 01151nas a2200277 4500 | ||
|---|---|---|---|
| 005 | 20260403144742.0 | ||
| 008 | 240108d2021 ai u||pd |||| 00| 0 arm d | ||
| 022 | _a3045-3135 | ||
| 040 | _aAM-YeHGA | ||
| 041 | 0 |
_aarm _arus |
|
| 222 | _a«Ռոսլին» արվեստի հանդես | ||
| 245 |
_aՌոսլին : _bԱրվեստի հանդես = Roslin : Art magazine / _cՀիմնադիր խմբ.՝ Վրեժ Առաքելյան. |
||
| 260 |
_aԵրևան : _bտպ. Levelprintstudio, _c[2021]-. |
||
| 270 |
_aՇիրազի 26 շ., բն․ 72 _bԵրևան _mroslinartmagazine@mal.ru |
||
| 300 |
_a72 էջ : _bնկ. ; _c29,5 x 21 սմ. |
||
| 362 | 1 | _a[2021]-. | |
| 500 | _aՏպագրվել է նաև Զանգակ հրատ. տպարանում։ | ||
| 546 | _aԲնագիրը՝ հայերեն, ռուսերեն | ||
| 650 | 0 | 4 | _aԱմսագիր |
| 650 | 1 | 4 |
_aԱրվեստ, մշակույթ _vՊարբերականներ _yXXIդ. |
| 651 | 4 |
_aԵրևան _96142 |
|
| 651 | 4 | _aՀայաստան | |
| 700 | 1 |
_aԱռաքելյան, Վրեժ, _eխմբ․ |
|
| 856 |
_uhttps://tert.nla.am/mamul/Roslin2021/Table.html _yԿարդալ առցանց |
||
| 942 |
_2udc _cCR |
||
| 999 |
_c529237 _d529237 |
||